| 000 | 00000nas##2200000za#4500 |
| 001 | 9.512641 |
| 003 | CaOODSP |
| 005 | 20210507160751 |
| 007 | ta |
| 008 | 150406c1993||||xxc|| p #||||f| |0fre|d |
| 022 | |a1185-5959 |
| 040 | |aCaOODSP|bfre |
| 043 | |an-cn--- |
| 086 | 1 |aCW71-2F |
| 110 | 2 |aService canadien de la faune. |
| 245 | 10|aTendances chez les oiseaux : |brésultats des études ornithologiques nationales et régionales au Canada / |cÉdition et production: Judith Kennedy. |
| 260 | |aOttawa - Ontario : |bEnvironnement Canada. |
| 310 | |aAnnuel |
| 362 | 1 |aN° 1, été 1991--[n° 9, hiver 2003] |
| 500 | |a«Tendances chez les oiseaux a pour objet de fournir: des commentaires aux bénévoles de relevés ornithologiques; des informations sur les tendances des populations d'oiseaux au Canada; une liste de projet ornithologiques faisant appel aux bénévoles du Canada.»--Couverture arrière. |
| 520 | 3 |aTendances chez les oiseaux a pour objet de fournir: des commentaires aux bénévoles de relevés ornithologiques; des informations sur les tendances des populations d'oiseaux au Canada; une liste de projet ornithologiques faisant appel aux bénévoles du Canada.--Couverture arrière |
| 563 | |aCouverture souple |
| 720 | 1 |aKennedy, Judith |
| 775 | 08|tBird trends : |w(CaOODSP)9.514213 |
| 776 | 0#|tTendances chez les oiseaux : |w(CaOODSP)9.501447 |